Регионална библиотека "Любен Каравелов" - Русе

НОВЬ (Запис номер 293769)

MARC детайли
000 -Лидер
Контролно поле с фиксирана дължина 01505nas a2200265 c 4500
003 - Код на организацията, давaща контролен номер
Контролно поле BLK
005 - Дата и час на последна редакция
Контролно поле 20180422122943.0
008 - Елементи от данни с фиксирана дължина
fixed length control field 180413b bul rap|r|||| |0| c1bulo|
010 ## - Наследен системен номер
LC control number PRD00001236000
040 ## - Източник на каталожния запис
Идентификатор на билиотеката - собственик на записа BLK
041 ## - Код за език
Код за езика на текст/звукозапис или на отделно заглавие Руски
Код за езика КДБФ Руски
080 ## - УДК
Текстов определител УДК Списания и периодични издания с общ характер - Списания с общ характер. Продължаващи издания с общонаучно и общотехническо съдържание. Годишници. Адресни книги. Календари. Алманаси. Вж и 07
УДК код - определител по УДК 05
УДК определител
УДК - код + определител 05
110 1# - Редна дума - колетивен орган
Редна дума - наименование на организация или юридическо лице Т-во М. О. Вольф
Авторска отговорност (Описва отношението между автора и произведението) Ред. кол.: Александр Маврикиевич Вольф
9 (RLIN) 388429
245 10 - Сведения за заглавието
Заглавие НОВЬ
Подзаглавни данни Ил. двухнед. вестник современной жизни, политики, лит., науки, искусства и прикл. знаний
Редно поле (дума) Т-во М. О. Вольф ; Ред. кол.: Александр Маврикиевич Вольф
Дата на създаване на произведението Начална год. на издаване: 1885, № 1,
257 ## - Страна на издаване
Страна на създаване/издаване Русия
260 ## - Област на издателските данни
-- С.-Петербург
Име на издателя, разпространителя и проч. Т-во М. О. Вольф
Година на издаване 1897
Печатница С.-Петербург типогр. Т-ва М. О. Вольф
300 ## - Физическа характеристика
Размери/Мащаб 25
310 ## - Текуща периодчност на изданието
-- периодичност: 24
Срок за съхранение срок за съхранение: 99
380 ## - Жанр
Жанр Общ отдел
852 ## - Местоположение
Форматна сигнатура Б 203
856 ## - Електронен адрес и достъп
Електронен формат pdf - файл
Път до файла /url/
856 ## - Електронен адрес и достъп
Електронен формат pdf - файл
Път до файла /url/
942 ## - АРТИКУЛИ
Вид на библиотечния материал Списания
Скрит в OPAC Не
Периодичен библиозапис Да
944 ## - СЪЗДАВАНЕ И РЕДАКЦИЯ на ЗАПИСА
Създаване/Редакция Създаване
Дата на регистрацията/редакция Мария_Кръстева
Служител, извършил регистрацията/редакцията 15.01.2003
944 ## - СЪЗДАВАНЕ И РЕДАКЦИЯ на ЗАПИСА
Създаване/Редакция Редакция
Дата на регистрацията/редакция
Служител, извършил регистрацията/редакцията 26.08.2013
999 ## - СИСТЕМНИ КОНТРОЛНИ НОМЕРА
Koha biblionumber 293769
Koha biblioitemnumber 293769
Наличности
Код за отписване Код за изгубен артикул Източник на класификационната схема Код за повреда Коз за рестрикции Код за отдаване Артикулен № Име на библиотеката - собственик Име на библиотеката, в която се намира в момента Статус (Текущо местоположение) Дата на вписване в системата Местоположение - отдел Цена в лева Номерация (Хронология) Инвентарен номер Систематично азбучна сигнатура Баркод Номер на екземпляра Цена в евро Служебна бележка Служебен тип на артикула Бележка за публиката
  Не е изгубен Universal Decimal Classification Не е повреден без рестрикции ползва се в читалня 607277 Регионална библиотека "Любен Каравелов" Русе Регионална библиотека "Любен Каравелов" Русе Хранилище 1897-01-01 Хранилище 0.48 Обхват на том: 1-24 33906 Г 278 130000033906 1 0.25 Дост: Dp, Вид: Д, N: стар фонд, Дата инв: 03.04.2014, Бележки инв: Цб2014 Списания Год. на изд.: 1897
Vip Innovations Ltd, Rousse, Bulgaria 2025